000
00279nam a22001217a 4500
040
_c
SY
082
_a
591
100
_a
ត្រាន ថាន់កាញ់
245
_a
ធរណីវិទ្យា
260
_a
NA
_b
ត្រាន
_c
1992
300
_a
120p.
942
_c
KB
999
_c
9795
_d
9795